[Event "Bundesliga 9697"]
[Site "Deutschland"]
[Date "1996.??.??"]
[Round "?.6"]
[White "Heissler, Jakob"]
[Black "Baumhus, Reinhard"]
[Result "1-0"]
[WhiteElo "2430"]
[BlackElo "2355"]
[PlyCount "87"]
[EventDate "1996.10.??"]
[EventType "team"]
[EventRounds "15"]
[EventCountry "GER"]
[SourceTitle "Bundesliga 9697"]
[Source "DeepChess"]
[SourceDate "2005.01.01"]
[SourceVersion "1"]
[SourceVersionDate "2005.01.01"]
[SourceQuality "1"]
[WhiteTeam "SAbt SV Werder Bremen"]
[BlackTeam "SK Passau 1869"]
[WhiteTeamCountry "GER"]
[BlackTeamCountry "GER"]

1. e4 c6 2. d4 d5 3. Nc3 dxe4 4. Nxe4 Nf6 5. Nxf6+ exf6 6. c3 Bd6 7. Bd3 O-O 8.
Ne2 Re8 9. Qc2 Kh8 10. O-O Nd7 11. Bf4 Nf8 12. Bxd6 Qxd6 13. Ng3 Qf4 14. Rfe1
Rxe1+ 15. Rxe1 Be6 16. a3 Rd8 17. Qe2 g6 18. Qe3 Qxe3 19. fxe3 f5 20. e4 fxe4
21. Nxe4 Kg7 22. Nc5 b6 23. Nxe6+ fxe6 24. Be4 c5 25. dxc5 bxc5 26. Kf2 Kf6 27.
Ke3 Rb8 28. b4 cxb4 29. axb4 Rc8 30. Rc1 Nd7 31. c4 Ke5 32. Bd3 Nf6 33. Re1 Rb8
34. Kd2+ Kd6 35. Kc3 e5 36. c5+ Ke6 37. Bc4+ Nd5+ 38. Bxd5+ Kxd5 39. Rd1+ Ke4
40. Kc4 Ke3 41. Re1+ Kf4 42. b5 e4 43. c6 Re8 44. Kd5 1-0

[Event "Bundesliga 9697"]
[Site "Deutschland"]
[Date "1996.??.??"]
[Round "?.8"]
[White "Floegel, Ulrich"]
[Black "Kaiser, Wolfgang"]
[Result "1/2-1/2"]
[WhiteElo "2345"]
[BlackElo "2410"]
[PlyCount "75"]
[EventDate "1996.10.??"]
[EventType "team"]
[EventRounds "15"]
[EventCountry "GER"]
[SourceTitle "Bundesliga 9697"]
[Source "DeepChess"]
[SourceDate "2005.01.01"]
[SourceVersion "1"]
[SourceVersionDate "2005.01.01"]
[SourceQuality "1"]
[WhiteTeam "SAbt SV Werder Bremen"]
[BlackTeam "SK Passau 1869"]
[WhiteTeamCountry "GER"]
[BlackTeamCountry "GER"]

1. Nf3 Nf6 2. g3 b6 3. Bg2 Bb7 4. O-O c5 5. d3 g6 6. e4 d6 7. Re1 Bg7 8. c4 O-O
9. Nc3 e5 10. h3 h6 11. Be3 Nc6 12. a3 Kh7 13. Rb1 Ng8 14. Nd5 Nd4 15. b4 Ne7
16. bxc5 dxc5 17. Nxd4 Nxd5 18. exd5 exd4 19. Bd2 Qf6 20. a4 Rae8 21. Rxe8 Rxe8
22. a5 Bc8 23. axb6 axb6 24. Qf3 Qxf3 25. Bxf3 Bxh3 26. Rxb6 Bf5 27. Rb3 h5 28.
Bf4 Be5 29. Bd2 Rb8 30. Rxb8 Bxb8 31. Be4 Bxe4 32. dxe4 f6 33. f4 g5 34. Kg2 g4
35. Ba5 Kg6 36. Bd2 Bc7 37. Kf2 Kf7 38. Kg2 1/2-1/2

[Event "Bundesliga 9697"]
[Site "Deutschland"]
[Date "1997.??.??"]
[Round "?.1"]
[White "Gallagher, Joseph G"]
[Black "Hracek, Zbynek"]
[Result "0-1"]
[WhiteElo "2545"]
[BlackElo "2630"]
[PlyCount "110"]
[EventDate "1996.10.??"]
[EventType "team"]
[EventRounds "15"]
[EventCountry "GER"]
[SourceTitle "Bundesliga 9697"]
[Source "DeepChess"]
[SourceDate "2005.01.01"]
[SourceVersion "1"]
[SourceVersionDate "2005.01.01"]
[SourceQuality "1"]
[WhiteTeam "SV Castrop Rauxel 1923"]
[BlackTeam "SAbt SV Werder Bremen"]
[WhiteTeamCountry "GER"]
[BlackTeamCountry "GER"]

1. e4 c5 2. Nf3 d6 3. d4 cxd4 4. Nxd4 Nf6 5. Nc3 a6 6. f4 Qc7 7. Nf3 e6 8. Bd3
b5 9. a3 Nbd7 10. O-O Bb7 11. Qe1 Be7 12. Kh1 Nc5 13. b4 Nxd3 14. cxd3 O-O 15.
Bd2 Rac8 16. Rc1 Qd7 17. Nd4 Rc7 18. Nce2 Rxc1 19. Qxc1 Rc8 20. Qb2 Bd8 21. Nb3
h5 22. h3 h4 23. Rc1 Nh5 24. Qd4 Rxc1+ 25. Bxc1 Qc7 26. Qb2 f5 27. Nbd4 Qf7 28.
Qb3 fxe4 29. dxe4 e5 30. Qxf7+ Kxf7 31. fxe5 dxe5 32. Nf3 Bxe4 33. Ng5+ Bxg5
34. Bxg5 Bd3 35. Nc3 Ng3+ 36. Kg1 Nf5 37. Nd5 Be4 38. Nc7 Bb7 39. Kf2 e4 40.
Bf4 Kf6 41. Ke2 Ke7 42. Be5 Kd7 43. Kd2 g6 44. a4 Nd6 45. axb5 Nc4+ 46. Ke2
Nxe5 47. Nxa6 Nc4 48. Nc5+ Kc7 49. Ne6+ Kb6 50. Nf8 g5 51. Ne6 Kxb5 52. Nxg5
Kxb4 53. Ne6 Bc8 54. Ng7 Kc3 55. Nh5 Kd4 0-1

[Event "Bundesliga 9697"]
[Site "Deutschland"]
[Date "1997.??.??"]
[Round "?.2"]
[White "Kindermann, Stefan"]
[Black "King, Daniel J"]
[Result "1/2-1/2"]
[WhiteElo "2540"]
[BlackElo "2535"]
[PlyCount "69"]
[EventDate "1996.10.??"]
[EventType "team"]
[EventRounds "15"]
[EventCountry "GER"]
[SourceTitle "Bundesliga 9697"]
[Source "DeepChess"]
[SourceDate "2005.01.01"]
[SourceVersion "1"]
[SourceVersionDate "2005.01.01"]
[SourceQuality "1"]
[WhiteTeam "SAbt SV Werder Bremen"]
[BlackTeam "SV Castrop Rauxel 1923"]
[WhiteTeamCountry "GER"]
[BlackTeamCountry "GER"]

1. e4 c5 2. Nf3 d6 3. d4 cxd4 4. Nxd4 Nf6 5. Nc3 a6 6. f4 g6 7. Nf3 Bg7 8. Bd3
O-O 9. O-O Nbd7 10. a4 Nc5 11. Qe1 e6 12. Kh1 b6 13. Bd2 Bb7 14. b4 Nxd3 15.
cxd3 Rc8 16. Rc1 Nd7 17. Qg3 f5 18. Rfe1 Qf6 19. Qf2 e5 20. exf5 gxf5 21. Ne2
e4 22. dxe4 fxe4 23. Nfd4 Ne5 24. Rxc8 Rxc8 25. Rc1 Rxc1+ 26. Bxc1 Nd3 27. Qe3
Nxb4 28. Qb3+ Nd5 29. Qh3 Kh8 30. Kg1 h6 31. Bb2 e3 32. Qd7 Qe7 33. Qxe7 Nxe7
34. Ba3 Nd5 35. Bxd6 1/2-1/2

[Event "Bundesliga 9697"]
[Site "Deutschland"]
[Date "1997.??.??"]
[Round "?.3"]
[White "Hoffmann, Michael"]
[Black "Knaak, Rainer"]
[Result "0-1"]
[WhiteElo "2440"]
[BlackElo "2540"]
[PlyCount "124"]
[EventDate "1996.10.??"]
[EventType "team"]
[EventRounds "15"]
[EventCountry "GER"]
[SourceTitle "Bundesliga 9697"]
[Source "DeepChess"]
[SourceDate "2005.01.01"]
[SourceVersion "1"]
[SourceVersionDate "2005.01.01"]
[SourceQuality "1"]
[WhiteTeam "SV Castrop Rauxel 1923"]
[BlackTeam "SAbt SV Werder Bremen"]
[WhiteTeamCountry "GER"]
[BlackTeamCountry "GER"]

1. e4 e6 2. d4 d5 3. Nd2 c5 4. Ngf3 Nf6 5. exd5 exd5 6. Bb5+ Bd7 7. Bxd7+ Nbxd7
8. O-O Be7 9. Re1 O-O 10. dxc5 Bxc5 11. Nb3 Bb6 12. Be3 Bxe3 13. Rxe3 Nb6 14.
Qd4 Rc8 15. c3 Rc4 16. Qd3 Na4 17. Qc2 Re4 18. Rd3 b5 19. Rad1 Rfe8 20. Nfd2
Re1+ 21. Nf1 R8e2 22. R3d2 Rxd2 23. Rxd2 Qc8 24. Nc1 h6 25. Nd3 Ra1 26. Nc1 b4
27. Rd4 Nxb2 28. Rxb4 Nc4 29. h3 Ne4 30. Nb3 Re1 31. Qd3 Qf5 32. f3 Ne3 33.
Qxe3 Rxe3 34. Nxe3 Qg5 35. Nxd5 Nxc3 36. Nxc3 Qe3+ 37. Kh2 Qxc3 38. Rb5 Qc7+
39. Kh1 g6 40. Rc5 Qd7 41. Kh2 Kf8 42. h4 Qd6+ 43. Kh3 Ke7 44. Ra5 Qb8 45. h5
g5 46. g4 Qb6 47. Re5+ Kf8 48. Rc5 Qf6 49. Kg3 Qd6+ 50. Kg2 Qd3 51. Kf2 Qb1 52.
Ra5 Qc2+ 53. Ke3 Qh2 54. Ra6 Qg1+ 55. Ke4 Qe1+ 56. Kd5 Qe2 57. Rxh6 Qxf3+ 58.
Kc5 Qxg4 59. Nd4 Kg7 60. Ra6 Qxh5 61. Nf5+ Kh7 62. Rf6 Qe2 0-1

[Event "Bundesliga 9697"]
[Site "Deutschland"]
[Date "1997.??.??"]
[Round "?.4"]
[White "Blatny, Pavel"]
[Black "Watson, William N"]
[Result "0-1"]
[WhiteElo "2540"]
[BlackElo "2535"]
[PlyCount "94"]
[EventDate "1996.10.??"]
[EventType "team"]
[EventRounds "15"]
[EventCountry "GER"]
[SourceTitle "Bundesliga 9697"]
[Source "DeepChess"]
[SourceDate "2005.01.01"]
[SourceVersion "1"]
[SourceVersionDate "2005.01.01"]
[SourceQuality "1"]
[WhiteTeam "SAbt SV Werder Bremen"]
[BlackTeam "SV Castrop Rauxel 1923"]
[WhiteTeamCountry "GER"]
[BlackTeamCountry "GER"]

1. Nf3 Nf6 2. c4 g6 3. b3 Bg7 4. Bb2 d6 5. g3 e5 6. Bg2 O-O 7. O-O c5 8. Nc3
Nc6 9. e3 Bf5 10. d3 Qd7 11. Ng5 Bg4 12. f3 Bh6 13. h4 Be6 14. Kh2 d5 15. e4
dxe4 16. dxe4 Nd4 17. Nd5 Nh5 18. Qd3 Bg7 19. Bxd4 cxd4 20. Bh3 Bh6 21. Bg2 Bg7
22. Rac1 Rac8 23. Rc2 h6 24. Nxe6 fxe6 25. Ne3 Nf6 26. Nd1 h5 27. Nf2 Bh6 28.
Qe2 Qg7 29. Bh3 Rce8 30. Nd3 g5 31. hxg5 Qxg5 32. f4 exf4 33. Nxf4 h4 34. gxh4
Qe5 35. Qg2+ Kh8 36. Qg3 Ng4+ 37. Qxg4 Rxf4 38. Rxf4 Rg8 39. Kh1 Rxg4 40. Rxg4
d3 41. Rcg2 d2 42. Rg8+ Kh7 43. Rd8 Be3 44. Rgxd2 Qxe4+ 45. Rg2 Qb1+ 46. Kh2
Bf4+ 47. Rg3 Qg6 0-1

[Event "Bundesliga 9697"]
[Site "Deutschland"]
[Date "1997.??.??"]
[Round "?.5"]
[White "Appel, Ralf"]
[Black "Meins, Gerlef"]
[Result "1-0"]
[WhiteElo "2495"]
[BlackElo "2465"]
[PlyCount "59"]
[EventDate "1996.10.??"]
[EventType "team"]
[EventRounds "15"]
[EventCountry "GER"]
[SourceTitle "Bundesliga 9697"]
[Source "DeepChess"]
[SourceDate "2005.01.01"]
[SourceVersion "1"]
[SourceVersionDate "2005.01.01"]
[SourceQuality "1"]
[WhiteTeam "SV Castrop Rauxel 1923"]
[BlackTeam "SAbt SV Werder Bremen"]
[WhiteTeamCountry "GER"]
[BlackTeamCountry "GER"]

1. Nf3 Nf6 2. g3 d5 3. Bg2 c5 4. O-O Nc6 5. d4 e6 6. c4 Be7 7. cxd5 exd5 8. Nc3
O-O 9. Be3 Ng4 10. Bf4 Be6 11. h3 Nf6 12. Be3 Ne4 13. dxc5 Nxc3 14. bxc3 Qa5
15. Qb1 Rfc8 16. Nd4 Qa6 17. a4 Ne5 18. Nxe6 fxe6 19. Bd4 Nc4 20. Qd3 Bxc5 21.
e4 Bxd4 22. cxd4 Qd6 23. exd5 exd5 24. Rab1 Qc6 25. Rb5 Rd8 26. Rfb1 b6 27. Rc1
Rac8 28. Qf5 Kh8 29. Bxd5 Qh6 30. Rxc4 1-0

[Event "Bundesliga 9697"]
[Site "Deutschland"]
[Date "1997.??.??"]
[Round "?.6"]
[White "Heissler, Jakob"]
[Black "Libeau, Rene"]
[Result "1-0"]
[WhiteElo "2430"]
[BlackElo "2450"]
[PlyCount "83"]
[EventDate "1996.10.??"]
[EventType "team"]
[EventRounds "15"]
[EventCountry "GER"]
[SourceTitle "Bundesliga 9697"]
[Source "DeepChess"]
[SourceDate "2005.01.01"]
[SourceVersion "1"]
[SourceVersionDate "2005.01.01"]
[SourceQuality "1"]
[WhiteTeam "SAbt SV Werder Bremen"]
[BlackTeam "SV Castrop Rauxel 1923"]
[WhiteTeamCountry "GER"]
[BlackTeamCountry "GER"]

1. e4 e6 2. d3 d5 3. Nd2 Nf6 4. Ngf3 Nc6 5. c3 a5 6. e5 Nd7 7. d4 f6 8. Bb5
fxe5 9. dxe5 Be7 10. O-O O-O 11. Re1 Qe8 12. Nf1 Nc5 13. Ng3 Bd7 14. Bf1 a4 15.
Qc2 Na5 16. Nd4 Nc4 17. f4 Bh4 18. Nf3 Bxg3 19. hxg3 Qh5 20. Ng5 Be8 21. Bxc4
dxc4 22. Be3 Nd3 23. Nxe6 Nxe1 24. Rxe1 Bg6 25. Qd2 Rfe8 26. Qd7 Bf7 27. Nxc7
Rad8 28. Qxa4 Re7 29. Nb5 Qg6 30. Kf2 Bd5 31. Bc5 Rf7 32. Nd6 Rxf4+ 33. gxf4
Qxg2+ 34. Ke3 Rf8 35. Qd1 Qg3+ 36. Kd2 Qxf4+ 37. Kc2 Bf3 38. Qd4 Qh2+ 39. Kc1
Rf4 40. Qd2 Qh4 41. e6 Bc6 42. e7 1-0

[Event "Bundesliga 9697"]
[Site "Deutschland"]
[Date "1997.??.??"]
[Round "?.1"]
[White "Hracek, Zbynek"]
[Black "Hickl, Joerg"]
[Result "1-0"]
[WhiteElo "2630"]
[BlackElo "2575"]
[PlyCount "175"]
[EventDate "1996.10.??"]
[EventType "team"]
[EventRounds "15"]
[EventCountry "GER"]
[SourceTitle "Bundesliga 9697"]
[Source "DeepChess"]
[SourceDate "2005.01.01"]
[SourceVersion "1"]
[SourceVersionDate "2005.01.01"]
[SourceQuality "1"]
[WhiteTeam "SAbt SV Werder Bremen"]
[BlackTeam "SV Empor Berlin e.V."]
[WhiteTeamCountry "GER"]
[BlackTeamCountry "GER"]

1. e4 g6 2. d4 d6 3. Nc3 Bg7 4. Nf3 c6 5. Be2 Nf6 6. O-O O-O 7. h3 Nbd7 8. e5
Ne8 9. Bf4 Nb6 10. Qd2 Be6 11. Rfe1 Qd7 12. b3 Rd8 13. Rad1 Qc8 14. Ne4 Bd5 15.
exd6 exd6 16. Ng3 Nc7 17. Nh2 f5 18. c4 Bf7 19. Bh6 Ne8 20. Bd3 Qd7 21. Nf3 Kh8
22. Bxg7+ Nxg7 23. Qh6 Rde8 24. h4 Bg8 25. h5 gxh5 26. Nh4 Re6 27. Qg5 Ref6 28.
Nxh5 Nxh5 29. Qxh5 Be6 30. Rd2 Qf7 31. Qxf7 R8xf7 32. Rde2 Bd7 33. f4 Kg7 34.
Kf2 Kf8 35. Re3 Nc8 36. c5 Ne7 37. Bc4 Rg7 38. b4 b6 39. Nf3 Rfg6 40. Nh4 Rh6
41. g3 Rf6 42. Ra3 Nc8 43. cxb6 Nxb6 44. Bb3 Bc8 45. Ra5 Rb7 46. a3 Bd7 47. Rc1
Nc8 48. Bc4 Ne7 49. Rh1 h6 50. Rc1 Ke8 51. Re1 Kf8 52. Ng2 Be8 53. Ne3 Bf7 54.
Be2 Bd5 55. Nxd5 Nxd5 56. Bf3 Ne7 57. d5 cxd5 58. Rc1 Ke8 59. Bxd5 Nxd5 60.
Rxd5 Kd7 61. Ra5 Rf8 62. Ra6 Re8 63. Ra5 Rf8 64. Rc3 Rf7 65. Rc4 Ke6 66. Rc6
Rbc7 67. Re5+ Kd7 68. Rxc7+ Kxc7 69. Re6 Kc6 70. Rxh6 Kd5 71. Kf3 Rc7 72. Rf6
Rc3+ 73. Kg2 Rxa3 74. Rxf5+ Ke4 75. Ra5 Rb3 76. Rxa7 Rb2+ 77. Kh3 d5 78. Kg4
Rxb4 79. Re7+ Kd3 80. Kg5 d4 81. f5 Kc2 82. Rc7+ Kb2 83. Rd7 Kc3 84. f6 d3 85.
f7 Rb8 86. Kg6 d2 87. g4 Kc2 88. g5 1-0

[Event "Bundesliga 9697"]
[Site "Deutschland"]
[Date "1997.??.??"]
[Round "?.2"]
[White "Boensch, Uwe"]
[Black "Kindermann, Stefan"]
[Result "1/2-1/2"]
[WhiteElo "2520"]
[BlackElo "2540"]
[PlyCount "34"]
[EventDate "1996.10.??"]
[EventType "team"]
[EventRounds "15"]
[EventCountry "GER"]
[SourceTitle "Bundesliga 9697"]
[Source "DeepChess"]
[SourceDate "2005.01.01"]
[SourceVersion "1"]
[SourceVersionDate "2005.01.01"]
[SourceQuality "1"]
[WhiteTeam "SV Empor Berlin e.V."]
[BlackTeam "SAbt SV Werder Bremen"]
[WhiteTeamCountry "GER"]
[BlackTeamCountry "GER"]

1. d4 Nf6 2. c4 g6 3. Nc3 Bg7 4. e4 d6 5. Be2 O-O 6. Bg5 Na6 7. Nf3 h6 8. Bf4
e5 9. dxe5 Nh5 10. Be3 dxe5 11. Qc1 Kh7 12. O-O c6 13. Ne1 Nf6 14. Nd3 Qe7 15.
b4 Nd7 16. b5 Nc7 17. a4 a5 1/2-1/2

[Event "Bundesliga 9697"]
[Site "Deutschland"]
[Date "1997.??.??"]
[Round "?.3"]
[White "Knaak, Rainer"]
[Black "Tischbierek, Raj"]
[Result "1/2-1/2"]
[WhiteElo "2540"]
[BlackElo "2490"]
[PlyCount "44"]
[EventDate "1996.10.??"]
[EventType "team"]
[EventRounds "15"]
[EventCountry "GER"]
[SourceTitle "Bundesliga 9697"]
[Source "DeepChess"]
[SourceDate "2005.01.01"]
[SourceVersion "1"]
[SourceVersionDate "2005.01.01"]
[SourceQuality "1"]
[WhiteTeam "SAbt SV Werder Bremen"]
[BlackTeam "SV Empor Berlin e.V."]
[WhiteTeamCountry "GER"]
[BlackTeamCountry "GER"]

1. d4 Nf6 2. c4 e6 3. Nc3 Bb4 4. e3 O-O 5. Bd3 d5 6. Nf3 c5 7. O-O Nc6 8. a3
Bxc3 9. bxc3 dxc4 10. Bxc4 Qc7 11. Bb5 a6 12. Bd3 e5 13. Qc2 Re8 14. Nxe5 Nxe5
15. dxe5 Qxe5 16. a4 Ng4 17. f4 Qh5 18. h3 Nxe3 19. Re1 c4 20. Bxh7+ Qxh7 21.
Qxh7+ Kxh7 22. Bxe3 Bd7 1/2-1/2

[Event "Bundesliga 9697"]
[Site "Deutschland"]
[Date "1997.??.??"]
[Round "?.5"]
[White "Meins, Gerlef"]
[Black "Volke, Karsten"]
[Result "1/2-1/2"]
[WhiteElo "2465"]
[BlackElo "2465"]
[PlyCount "95"]
[EventDate "1996.10.??"]
[EventType "team"]
[EventRounds "15"]
[EventCountry "GER"]
[SourceTitle "Bundesliga 9697"]
[Source "DeepChess"]
[SourceDate "2005.01.01"]
[SourceVersion "1"]
[SourceVersionDate "2005.01.01"]
[SourceQuality "1"]
[WhiteTeam "SAbt SV Werder Bremen"]
[BlackTeam "SV Empor Berlin e.V."]
[WhiteTeamCountry "GER"]
[BlackTeamCountry "GER"]

1. d4 Nf6 2. c4 g6 3. Nc3 Bg7 4. e4 d6 5. Be2 O-O 6. Bg5 c5 7. d5 e6 8. Qd2
exd5 9. exd5 Re8 10. Nf3 Bg4 11. O-O Nbd7 12. h3 Bxf3 13. Bxf3 h5 14. Rae1 Qb6
15. Qc2 a6 16. Bc1 Nh7 17. g4 hxg4 18. hxg4 Ne5 19. Be2 Qd8 20. Kg2 Qd7 21. Qa4
Re7 22. Qxd7 Nxd7 23. Bd3 Rxe1 24. Rxe1 Bxc3 25. bxc3 Ne5 26. Be2 g5 27. f4
gxf4 28. Bxf4 f6 29. a4 Rb8 30. Rb1 Kf7 31. Rb6 Ke7 32. Bxe5 fxe5 33. Bd3 Ng5
34. Bf5 Nf7 35. Be6 Ng5 36. Bf5 Nf7 37. Kg3 e4 38. Rb1 Ne5 39. Re1 Nxc4 40.
Rxe4+ Ne5 41. Re1 b5 42. axb5 Rxb5 43. Ra1 c4 44. Rxa6 Rxd5 45. Kf4 Rd1 46.
Ra7+ Kd8 47. Ke4 Nc6 48. Rh7 1/2-1/2

[Event "Bundesliga 9697"]
[Site "Deutschland"]
[Date "1997.??.??"]
[Round "?.6"]
[White "Poldauf, Dirk"]
[Black "Heissler, Jakob"]
[Result "1/2-1/2"]
[WhiteElo "2470"]
[BlackElo "2430"]
[PlyCount "100"]
[EventDate "1996.10.??"]
[EventType "team"]
[EventRounds "15"]
[EventCountry "GER"]
[SourceTitle "Bundesliga 9697"]
[Source "DeepChess"]
[SourceDate "2005.01.01"]
[SourceVersion "1"]
[SourceVersionDate "2005.01.01"]
[SourceQuality "1"]
[WhiteTeam "SV Empor Berlin e.V."]
[BlackTeam "SAbt SV Werder Bremen"]
[WhiteTeamCountry "GER"]
[BlackTeamCountry "GER"]

1. c4 g6 2. Nc3 Bg7 3. g3 Nf6 4. Bg2 O-O 5. d4 d6 6. Nf3 Nbd7 7. O-O e5 8. h3
c6 9. e4 Qb6 10. d5 cxd5 11. cxd5 Nc5 12. Qe2 Bd7 13. Be3 Rfc8 14. Rfc1 Qa6 15.
Qxa6 bxa6 16. Ne1 Rab8 17. Rc2 Ne8 18. g4 f5 19. f3 Bf6 20. Bf1 Bd8 21. Bxc5
Rxc5 22. Bxa6 Nf6 23. Bd3 Kf7 24. Kg2 Ba5 25. Rac1 Ke7 26. b3 Rcc8 27. Ne2 Rf8
28. Ng3 fxg4 29. fxg4 h5 30. g5 Nh7 31. h4 Rf4 32. Nf3 Rbf8 33. Be2 Bb6 34. b4
R8f7 35. Rc3 Bg4 36. a4 Kf8 37. a5 Bd4 38. Rb3 Bxf3+ 39. Rxf3 Rxh4 40. Rxf7+
Kxf7 41. Rc7+ Kg8 42. Rd7 Rf4 43. Rxd6 Rf2+ 44. Kh3 Nxg5+ 45. Kh4 Kg7 46. Bxh5
Rf6 47. Rxf6 Kxf6 48. Bd1 Bc3 49. Kg4 Bxb4 50. a6 Nf7 1/2-1/2

[Event "Bundesliga 9697"]
[Site "Deutschland"]
[Date "1997.??.??"]
[Round "?.7"]
[White "Hedke, Fred"]
[Black "Muse, Mladen"]
[Result "1/2-1/2"]
[WhiteElo "2355"]
[BlackElo "2445"]
[PlyCount "46"]
[EventDate "1996.10.??"]
[EventType "team"]
[EventRounds "15"]
[EventCountry "GER"]
[SourceTitle "Bundesliga 9697"]
[Source "DeepChess"]
[SourceDate "2005.01.01"]
[SourceVersion "1"]
[SourceVersionDate "2005.01.01"]
[SourceQuality "1"]
[WhiteTeam "SAbt SV Werder Bremen"]
[BlackTeam "SV Empor Berlin e.V."]
[WhiteTeamCountry "GER"]
[BlackTeamCountry "GER"]

1. e4 c5 2. c3 d6 3. d4 Nf6 4. dxc5 Nc6 5. f3 d5 6. exd5 Nxd5 7. Bc4 e6 8. Bxd5
Qxd5 9. Qxd5 exd5 10. Be3 Ne5 11. b3 Nd3+ 12. Kd2 Nxc5 13. Na3 Bd7 14. Ne2 Ne6
15. Nc2 Be7 16. Nf4 Bc6 17. Rhe1 O-O 18. Nd4 Nxd4 19. Bxd4 Bg5 20. g3 a6 21. a4
Rfe8 22. Rxe8+ Rxe8 23. Re1 Rxe1 1/2-1/2

[Event "Bundesliga 9697"]
[Site "Deutschland"]
[Date "1997.??.??"]
[Round "?.8"]
[White "Kimpinsky, Frank"]
[Black "Meyer, Claus Dieter"]
[Result "0-1"]
[WhiteElo "2270"]
[BlackElo "2320"]
[PlyCount "108"]
[EventDate "1996.10.??"]
[EventType "team"]
[EventRounds "15"]
[EventCountry "GER"]
[SourceTitle "Bundesliga 9697"]
[Source "DeepChess"]
[SourceDate "2005.01.01"]
[SourceVersion "1"]
[SourceVersionDate "2005.01.01"]
[SourceQuality "1"]
[WhiteTeam "SV Empor Berlin e.V."]
[BlackTeam "SAbt SV Werder Bremen"]
[WhiteTeamCountry "GER"]
[BlackTeamCountry "GER"]

1. e4 c5 2. c3 d5 3. exd5 Qxd5 4. Nf3 Nc6 5. Na3 Bg4 6. Be2 e5 7. O-O e4 8. Ne1
Bxe2 9. Qxe2 O-O-O 10. Qc4 Nf6 11. f3 Qh5 12. d4 cxd4 13. Nb5 Qc5 14. Qxc5 Bxc5
15. cxd4 Nxd4 16. Be3 a6 17. Bxd4 Bxd4+ 18. Nxd4 Rxd4 19. fxe4 Rxe4 20. Rc1+
Kb8 21. Nf3 Rc8 22. Rxc8+ Kxc8 23. Rc1+ Kd8 24. Kf1 Re7 25. Rc4 Ne4 26. Rd4+
Ke8 27. Nd2 Nxd2+ 28. Rxd2 f5 29. Kf2 Kf7 30. Rd6 Rc7 31. Rb6 g6 32. Kf3 Re7
33. h3 Ke8 34. g4 fxg4+ 35. hxg4 Kd8 36. Kf4 Kc7 37. Rb4 h6 38. a4 b6 39. Rd4
Rd7 40. Rc4+ Kd6 41. b3 Rf7+ 42. Kg3 Rc7 43. Rb4 Rc3+ 44. Kf4 Kc5 45. Re4 Rxb3
46. Re6 Rb4+ 47. Kf3 h5 48. g5 Rxa4 49. Rxg6 Rg4 50. Rg8 a5 51. g6 Kb4 52. g7
b5 53. Ke3 a4 54. Kd3 h4 0-1

[Event "Bundesliga 9697"]
[Site "Deutschland"]
[Date "1996.??.??"]
[Round "?.1"]
[White "Hracek, Zbynek"]
[Black "Votava, Jan"]
[Result "1/2-1/2"]
[WhiteElo "2625"]
[BlackElo "2545"]
[PlyCount "85"]
[EventDate "1996.10.??"]
[EventType "team"]
[EventRounds "15"]
[EventCountry "GER"]
[SourceTitle "Bundesliga 9697"]
[Source "DeepChess"]
[SourceDate "2005.01.01"]
[SourceVersion "1"]
[SourceVersionDate "2005.01.01"]
[SourceQuality "1"]
[WhiteTeam "SAbt SV Werder Bremen"]
[BlackTeam "SV Erfurt West 90"]
[WhiteTeamCountry "GER"]
[BlackTeamCountry "GER"]

1. e4 c5 2. Nf3 d6 3. d4 cxd4 4. Nxd4 Nf6 5. Nc3 a6 6. Be2 e5 7. Nb3 Be7 8. O-O
O-O 9. Kh1 b5 10. a4 b4 11. Nd5 Bb7 12. Nxe7+ Qxe7 13. f3 d5 14. Bg5 dxe4 15.
fxe4 Nbd7 16. Bd3 h6 17. Bxf6 Nxf6 18. Qe1 Nh5 19. Na5 Nf4 20. Qe3 Rac8 21. Rf2
Qc7 22. Nxb7 Qxb7 23. Bf1 Ne6 24. a5 Rc5 25. Qd3 Ng5 26. Qxa6 Qxa6 27. Bxa6 Ra8
28. Bb7 Raxa5 29. Raf1 f6 30. Bd5+ Kf8 31. h4 Nf7 32. Rd1 Ra7 33. Rd3 Nd6 34.
Rb3 Rac7 35. Rxb4 Rxc2 36. Rb8+ Rc8 37. Rxc2 Rxb8 38. Rc6 Nb5 39. Kh2 h5 40.
Kh3 Ke7 41. g4 hxg4+ 42. Kxg4 Nd4 43. Rc7+ 1/2-1/2

[Event "Bundesliga 9697"]
[Site "Deutschland"]
[Date "1996.??.??"]
[Round "?.2"]
[White "Casper, Thomas"]
[Black "Kindermann, Stefan"]
[Result "1/2-1/2"]
[WhiteElo "2405"]
[BlackElo "2530"]
[PlyCount "33"]
[EventDate "1996.10.??"]
[EventType "team"]
[EventRounds "15"]
[EventCountry "GER"]
[SourceTitle "Bundesliga 9697"]
[Source "DeepChess"]
[SourceDate "2005.01.01"]
[SourceVersion "1"]
[SourceVersionDate "2005.01.01"]
[SourceQuality "1"]
[WhiteTeam "SV Erfurt West 90"]
[BlackTeam "SAbt SV Werder Bremen"]
[WhiteTeamCountry "GER"]
[BlackTeamCountry "GER"]

1. e4 e6 2. d4 d5 3. Nc3 Bb4 4. exd5 exd5 5. Bd3 Nc6 6. a3 Bxc3+ 7. bxc3 Nf6 8.
Bg5 h6 9. Bxf6 Qxf6 10. Qf3 Qxf3 11. Nxf3 Bg4 12. Nd2 O-O 13. f3 Bd7 14. Kf2 b6
15. Rhe1 Rfe8 16. Rxe8+ Rxe8 17. Re1 1/2-1/2

[Event "Bundesliga 9697"]
[Site "Deutschland"]
[Date "1996.??.??"]
[Round "?.3"]
[White "Knaak, Rainer"]
[Black "Kuczynski, Robert"]
[Result "1/2-1/2"]
[WhiteElo "2530"]
[BlackElo "2510"]
[PlyCount "124"]
[EventDate "1996.10.??"]
[EventType "team"]
[EventRounds "15"]
[EventCountry "GER"]
[SourceTitle "Bundesliga 9697"]
[Source "DeepChess"]
[SourceDate "2005.01.01"]
[SourceVersion "1"]
[SourceVersionDate "2005.01.01"]
[SourceQuality "1"]
[WhiteTeam "SAbt SV Werder Bremen"]
[BlackTeam "SV Erfurt West 90"]
[WhiteTeamCountry "GER"]
[BlackTeamCountry "GER"]

1. d4 d5 2. c4 c6 3. Nf3 Nf6 4. Nc3 e6 5. Bg5 h6 6. Bxf6 Qxf6 7. e3 Nd7 8. a3
g6 9. e4 dxe4 10. Nxe4 Qf4 11. Bd3 Bg7 12. O-O O-O 13. Re1 c5 14. g3 Qc7 15.
Bf1 cxd4 16. Nxd4 Nc5 17. Nb5 Qe7 18. Nxc5 Qxc5 19. b4 Qe7 20. Rc1 Rd8 21. Qf3
a6 22. Nc3 Qf6 23. Qh1 Rb8 24. c5 Qe7 25. Bg2 Rd3 26. Nb1 Qc7 27. Be4 Rd4 28.
Qf3 Bd7 29. Rcd1 Rxd1 30. Rxd1 Be8 31. Rc1 f5 32. Bd3 Bc6 33. Qe2 e5 34. Nc3 e4
35. Bc4+ Kh7 36. Nd5 Bxd5 37. Bxd5 Rd8 38. Qc4 h5 39. Kg2 Rd7 40. Rd1 Rd8 41.
a4 Qe5 42. b5 axb5 43. axb5 Qc3 44. Qxc3 Bxc3 45. f3 exf3+ 46. Kxf3 Bb4 47. c6
bxc6 48. bxc6 Ba5 49. Rd3 Kg7 50. Ke3 Bb6+ 51. Kd2 Bc7 52. Kc3 f4 53. Kc4 fxg3
54. hxg3 Kf6 55. Rb3 Rb8 56. Rf3+ Kg5 57. Be4 Re8 58. Kd5 Rd8+ 59. Kc5 Re8 60.
Bd3 Re7 61. Bc2 Re1 62. Kd5 Re5+ 1/2-1/2